[Event "Challenge"]
[Site "http://www.queenalice.com/game.php?id=1063328"]
[Date "2012.5.24"]
[Round "-"]
[White "jujuju"]
[Black "Piglio"]
[Result "0-1"]
[WhiteElo "2085"]
[BlackElo "1899"]

1. d4 Nf6 2. c4 e6 3. Nc3 Bb4 4. Nf3 c5 5. Qc2 Qa5 6. Bg5 Ne4 7. Bd2 Nxd2 8.
Qxd2 cxd4 9. Nxd4 O-O 10. O-O-O Bxc3 11. bxc3 Nc6 12. e3 Qc5 13. Be2 a5 14. f4
Rd8 15. g4 Nxd4 16. cxd4 Qa3+ 17. Kb1 b6 18. Bf3 Rb8 19. Qc1 Qxc1+ 20. Rxc1 Bb7
21. Bxb7 Rxb7 22. e4 b5 23. c5 Rc7 24. Rcd1 b4 25. h4 a4 26. Rhe1 a3 27. e5 Rb8
28. f5 b3 29. axb3 Rxb3+ 30. Kc2 Rb2+ 31. Kd3 Rcb7 32. h5 a2 33. fxe6 fxe6 34.
Ra1 Rb1 35. Rd1 Rxd1+ 36. Rxd1 Rb1 37. Rd2 a1=Q 38. Ke4 Re1+ 39. Kf4 Rf1+ 0-1

[Event "Challenge"]
[Site "http://www.queenalice.com/game.php?id=1063696"]
[Date "2012.5.25"]
[Round "-"]
[White "Piglio"]
[Black "jujuju"]
[Result "0-1"]
[WhiteElo "1993"]
[BlackElo "2091"]

1. d4 c5 2. d5 Nf6 3. c4 e5 4. Nc3 Bd6 5. e4 O-O 6. Bg5 h6 7. Bh4 g5 8. Bg3 Re8
9. h4 gxh4 10. Bxh4 Bf8 11. g4 d6 12. Qd2 Bxg4 13. Qxh6 Bxh6 14. Be2 Bxe2 15.
Ngxe2 Nbd7 16. Ng3 Kf8 17. Nf5 Bf4 18. Ke2 Qb6 19. Rab1 Re7 20. Bxf6 Nxf6 21.
Rh8+ Ng8 22. Kd3 f6 23. Nb5 Qa5 24. Nc3 Rd8 25. Rg1 Bg5 26. Rgh1 Rg7 27. Nxg7
Kxg7 28. R1h7+ Kg6 29. Rxb7 f5 30. Rhh7 fxe4+ 31. Nxe4 Be7 32. Rh2 Qxa2 33. Rg2+
Kf5 34. Ng3+ Kf4 35. Nh5+ Kf3 36. Rh2 Qb1+ 37. Kc3 Qe1+ 38. Kb3 Qd1+ 39. Kc3 e4
40. Rxa7 Qd3# 0-1

[Event "AUTO-MASTER-1660"]
[Site "http://www.queenalice.com/game.php?id=1064012"]
[Date "2012.5.25"]
[Round "1"]
[White "Piglio"]
[Black "Henderb"]
[Result "0-1"]
[WhiteElo "1952"]
[BlackElo "1966"]

1. d4 Nf6 2. c4 e6 3. Nc3 Bb4 4. Qb3 c5 5. Nf3 Nc6 6. e3 O-O 7. Bd2 d5 8. cxd5
Nxd5 9. Nxd5 Bxd2+ 10. Nxd2 Qxd5 11. dxc5 Qxc5 12. Qc4 Qe5 13. Qb5 a6 14. Qxe5
Nxe5 15. Nc4 Nxc4 16. Bxc4 b5 17. Bb3 Bb7 18. O-O Rac8 19. Rac1 g6 20. Rfd1 Rfd8
21. Rxd8+ Rxd8 22. Rc7 Bd5 23. Bxd5 Rxd5 24. g3 Rd2 25. Ra7 Rxb2 26. Rxa6 Kf8
27. a3 b4 28. axb4 Rxb4 29. Kg2 g5 30. Ra5 g4 31. h4 f5 32. Ra7 Kg8 33. Ra6 Kf7
34. Ra7+ Kg6 35. Re7 Re4 36. Re8 h5 37. Rg8+ Kh7 38. Rf8 Kg7 39. Rc8 e5 40. Rc7+
Kg6 41. Rc3 f4 42. gxf4 exf4 43. exf4 Rxf4 44. Kg3 Rf6 45. Rb3 Kh6 46. f4 Kg6
47. Rb5 Rf5 48. Rb6+ Kg7 49. Rc6 Rf6 50. Rc5 Kg6 51. Rg5+ Kh6 52. f5 Rf7 53. Kf4
Rg7 54. f6 Rxg5 55. hxg5+ Kg6 0-1

[Event "AUTO-MASTER-1660"]
[Site "http://www.queenalice.com/game.php?id=1064027"]
[Date "2012.5.25"]
[Round "1"]
[White "barrai"]
[Black "Piglio"]
[Result "1-0"]
[WhiteElo "2103"]
[BlackElo "1855"]

1. e4 c5 2. Bc4 e6 3. a4 Qg5 4. g3 Qe5 5. d3 d5 6. Bb5+ Nc6 7. f4 Qd6 8. e5 Qd7
9. a5 Nge7 10. g4 a6 11. Ba4 Qc7 12. Bd2 b5 13. axb6 Qxb6 14. Nf3 Qxb2 15. Bc3
Qb6 16. Nbd2 h6 17. Ba5 Qa7 18. Rb1 Rb8 19. c4 d4 20. Ne4 f5 21. Nd6+ Kd7 22. h3
g6 23. Ke2 Bg7 24. Qc2 Rf8 25. g5 h5 26. Rxb8 Qxb8 27. Rb1 Qa8 28. Rb6 Bh8 29.
Qb2 Bg7 30. Rb8 Qa7 31. Qb6 Qxb6 32. Bxb6 Bh8 33. Bxc5 Kc7 34. Ra8 Bg7 35. Nxd4
Nxd4+ 36. Bxd4 Nc6 37. Bc5 Rg8 38. d4 Bh8 39. Rxc8+ Rxc8 40. Nxc8 Kxc8 41. Bxc6
Kc7 42. Be8 a5 43. Bxg6 1-0

[Event "AUTO-MASTER-1660"]
[Site "http://www.queenalice.com/game.php?id=1064028"]
[Date "2012.5.25"]
[Round "1"]
[White "Piglio"]
[Black "barrai"]
[Result "0-1"]
[WhiteElo "1842"]
[BlackElo "2108"]

1. d4 d5 2. c4 Nf6 3. cxd5 Nxd5 4. Nf3 g6 5. e4 Nb6 6. Nc3 Bg7 7. Be3 c6 8. Qd2
h5 9. Rd1 Bg4 10. Be2 N8d7 11. h3 Bxf3 12. gxf3 e5 13. d5 c5 14. d6 c4 15. Bxb6
Nxb6 16. Nb5 O-O 17. d7 a6 18. Nc3 f6 19. a4 Rf7 20. Qd6 Bf8 21. Qe6 Qc7 22. Rg1
Kg7 23. Qf5 g5 24. Rxg5+ fxg5 25. Qxg5+ Kh8 26. Qxh5+ Rh7 27. Qf5 Nxd7 28. Nd5
Qc8 29. Kd2 b5 30. Rg1 Bh6+ 31. Ke1 Qf8 32. Qe6 Nc5 33. Qxe5+ Bg7 34. Qg5 Ne6
35. Qg6 Rh6 36. Qg4 Bxb2 37. Nf4 Nxf4 38. axb5 axb5 39. Qg5 Bc3+ 0-1

[Event "AUTO-MASTER-1660"]
[Site "http://www.queenalice.com/game.php?id=1064037"]
[Date "2012.5.25"]
[Round "1"]
[White "jartuga99"]
[Black "Piglio"]
[Result "1-0"]
[WhiteElo "2056"]
[BlackElo "1874"]

1. e4 c5 2. Bc4 e6 3. a4 Nc6 4. c3 Qg5 5. g3 Nf6 6. f4 Qg4 7. Be2 Qg6 8. d3 h6
9. c4 Be7 10. e5 Ng8 11. Bh5 Qh7 12. h4 d6 13. Nf3 dxe5 14. fxe5 g5 15. hxg5 Qf5
16. g4 Qh7 17. gxh6 Nxh6 18. Bxh6 Kd8 19. Bg5 Qg7 20. Bf4 Nd4 21. Nc3 b6 22.
Nxd4 cxd4 23. Ne4 Bb7 24. Qe2 f5 25. exf6 Bxf6 26. g5 Be7 27. Rg1 Bb4+ 28. Kd1
e5 29. Bd2 Be7 30. Bf3 a5 31. Kc2 Rc8 32. g6 Kd7 33. Bg4+ 1-0

[Event "AUTO-MASTER-1660"]
[Site "http://www.queenalice.com/game.php?id=1064038"]
[Date "2012.5.25"]
[Round "1"]
[White "Piglio"]
[Black "jartuga99"]
[Result "1-0"]
[WhiteElo "1866"]
[BlackElo "1876"]

1. d4 d5 2. c4 Nf6 3. cxd5 Nxd5 4. e4 Nb6 5. Nf3 g6 6. Be3 Bg7 7. Nc3 c6 8. Qd2
h5 9. Rd1 Bg4 10. Be2 Bxf3 11. gxf3 N8d7 12. d5 Ne5 13. dxc6 bxc6 14. Qxd8+ Rxd8
15. Rxd8+ Kxd8 16. Bxb6+ axb6 17. O-O Kc7 18. Rd1 f5 19. exf5 gxf5 20. h3 h4 21.
Kf1 Rd8 22. Rxd8 Kxd8 23. Ke1 Kd7 24. Kd2 b5 25. b3 Kd6 26. a4 b4 27. Nd1 Kc5
28. Ne3 Bh6 29. Kc2 e6 30. a5 Bf4 31. a6 Kb6 32. Nc4+ Nxc4 33. Bxc4 e5 34. Kd3
Bc1 35. Kc2 Bg5 36. Kd3 Be7 37. Ke2 Bd6 38. Kd3 Bb8 39. Kd2 Kc5 40. Kd3 Kd6 41.
Kd2 Ba7 42. Ke2 Ke7 43. Bd3 Kf6 44. Bc4 Kg5 45. Bd3 Kf4 46. Bc4 Bd4 47. Bd3 e4
48. fxe4 fxe4 49. Bc4 Ba7 50. Ke1 Kf3 51. Be2+ Kg2 52. Bf1+ Kg1 53. Be2 Bxf2+
54. Kd2 Kg2 55. Bg4 Ba7 56. Ke2 Kg3 57. Be6 Kf4 58. Bd7 c5 59. Be6 Ke5 60. Bf7
Kd4 61. Bg8 Ke5 62. Bf7 Kf4 63. Be6 Bb6 64. Bd5 e3 65. Be6 Ba7 66. Bf7 Kg3 67.
Be6 Bb6 68. Kxe3 c4+ 69. Ke2 cxb3 70. Kd2 b2 71. Kc2 Bd4 72. Kb1 Kf4 73. Bd7 Ke5
74. Bc8 Kd6 75. Bg4 Kc7 76. Bf3 Bc3 77. Bg2 Kb6 78. Bf1 Bd4 79. Be2 Kc7 80. Bf1
Kb6 81. Bd3 b3 82. Bc4 Bc3 83. Bf1 Bd4 84. Be2 Be5 85. Bf1 Bc3 86. Bc4 Bd4 87.
Bf1 Ka7 88. Bc4 Be5 89. Bb5 1-0

[Event "Challenge"]
[Site "http://www.queenalice.com/game.php?id=1064335"]
[Date "2012.5.26"]
[Round "-"]
[White "jujuju"]
[Black "Piglio"]
[Result "1-0"]
[WhiteElo "2102"]
[BlackElo "1894"]

1. d4 d5 2. c4 e6 3. Nf3 Nf6 4. Nc3 c6 5. cxd5 exd5 6. Bg5 Be7 7. e3 Bf5 8. Bd3
Bxd3 9. Bxf6 Bxf6 10. Qxd3 O-O 11. e4 Re8 12. O-O dxe4 13. Nxe4 Nd7 14. Nxf6+
Nxf6 15. a4 h6 16. h4 Qb6 17. b3 a5 18. g3 Qb4 19. Rfe1 Rxe1+ 20. Rxe1 Re8 21.
Rxe8+ Nxe8 22. Kg2 Qd6 23. Qc3 Qb4 24. Qxb4 axb4 25. g4 f6 26. h5 Nd6 27. a5 Kf7
28. Nh4 Nb5 29. Nf5 g5 30. Kf3 Kf8 31. Ke3 Kg8 32. Nxh6+ Kh7 33. Nf5 Nc3 34. Kd3
Nd5 35. Kc4 Kg8 36. Nd6 b6 37. axb6 Nxb6+ 38. Kxb4 Nd7 39. f3 Kh7 40. Nf5 Kg8
41. Ne7+ Kh7 42. Nxc6 Nb6 43. Kc5 Nd7+ 44. Kd6 Nb6 45. Na7 Nc8+ 46. Nxc8 Kg8 47.
Ke6 Kg7 48. d5 1-0

[Event "Challenge"]
[Site "http://www.queenalice.com/game.php?id=1067304"]
[Date "2012.6.2"]
[Round "-"]
[White "Piglio"]
[Black "tewald"]
[Result "0-1"]
[WhiteElo "1866"]
[BlackElo "1895"]

1. e4 e6 2. Nf3 d5 3. Nc3 d4 4. Ne2 c5 5. Ng3 Nc6 6. c3 d3 7. a3 c4 8. b4 b5 9.
a4 bxa4 10. Qxa4 Bd7 11. Qb5 Nd4 12. Qxc4 Nc2+ 13. Kd1 Nxa1 14. Bxd3 Ba4+ 15.
Ke2 a6 16. Bb2 Nb3 17. Ne5 Qd6 18. Ra1 Nxa1 19. Bxa1 Qxe5 0-1

[Event "Challenge"]
[Site "http://www.queenalice.com/game.php?id=1070892"]
[Date "2012.6.11"]
[Round "-"]
[White "clemerson"]
[Black "Piglio"]
[Result "0-1"]
[WhiteElo "1845"]
[BlackElo "1841"]

1. d4 d5 2. c4 c6 3. Nc3 Nf6 4. Nf3 e6 5. Bg5 Be7 6. e3 O-O 7. Bd3 h6 8. Bh4 a5
9. cxd5 Nxd5 10. Bg3 Qb6 11. Qd2 Nxc3 12. bxc3 Nd7 0-1

[Event "Challenge"]
[Site "http://www.queenalice.com/game.php?id=1102777"]
[Date "2012.9.14"]
[Round "-"]
[White "jujuju"]
[Black "Piglio"]
[Result "0-1"]
[WhiteElo "2233"]
[BlackElo "1890"]

1. e4 e5 2. Bc4 Nf6 3. d3 Nc6 4. Nf3 d6 5. Nc3 Bg4 6. Be3 Qd7 7. O-O h5 8. Nd5
Nxd5 9. Bxd5 h4 10. h3 Bh5 11. c3 Be7 12. Qb3 Na5 13. Qb4 c6 14. Qxa5 cxd5 15.
Qxd5 Bxf3 16. gxf3 Qxh3 17. Qxb7 O-O 18. Qxe7 Qxf3 19. Qxh4 f6 20. b4 Kf7 21.
Qg3 Qh5 22. f4 Rh8 23. fxe5 Qh1+ 24. Kf2 Rh2+ 25. Ke1 Qg2 26. Qxg2 Rxg2 27. exd6
Ke6 28. Bc5 Rh8 29. a4 Rhh2 30. Rf3 Re2+ 31. Kd1 Rd2+ 32. Ke1 Rde2+ 33. Kf1 Rc2
34. c4 Rh1+ 35. Bg1 Kxd6 36. Rf2 Rc3 37. Rd2 Rb3 38. Kg2 Rh5 39. c5+ Kd7 40. Bh2
Rxb4 41. d4 Rh4 42. e5 fxe5 43. dxe5+ Ke6 44. Rd6+ Ke7 45. Ra2 Rhg4+ 46. Kf2 Rh4
47. Bg3 Rh5 48. Ra3 Rf5+ 49. Ke3 Rg5 50. Bh4 Rxh4 51. Rdd3 Rxe5+ 52. Kf3 Rxc5
53. Re3+ Kf7 54. Kg3 g5 55. Rf3+ Kg6 56. Rf8 Kg7 57. Ra8 Ra5 58. Rb8 Rhxa4 59.
Rb7+ Kg6 60. Rxa4 Rxa4 61. Rb3 a5 62. Rb6+ Kh5 63. Rb3 Rb4 64. Ra3 Rb5 65. Ra4
Rc5 66. Rd4 Rc3+ 0-1

[Event "Challenge"]
[Site "http://www.queenalice.com/game.php?id=1105136"]
[Date "2012.9.21"]
[Round "-"]
[White "Piglio"]
[Black "jujuju"]
[Result "1-0"]
[WhiteElo "1932"]
[BlackElo "2233"]

1. e4 e5 2. Nf3 Nc6 3. Bb5 a6 4. Ba4 Nf6 5. O-O Nxe4 6. d4 b5 7. Bb3 exd4 8.
Nxd4 Bb7 9. Re1 Nxd4 10. Qxd4 d5 11. Nc3 c5 12. Qe5+ Qe7 13. Qxe7+ Bxe7 14. Bxd5
Bxd5 15. Nxd5 f5 16. Nc7+ Kd7 17. Nxa8 Rxa8 18. Rd1+ Kc6 19. f3 Nd6 20. Bf4 g5
21. Bxd6 Bxd6 22. Rd2 Be5 23. c3 h5 24. Re1 Bd6 25. Re6 Rd8 26. Re5 a5 27. g3
Bxe5 28. Rxd8 f4 29. gxf4 Bxf4 30. h3 a4 31. Rh8 h4 32. Kf1 c4 33. Ke2 Kd5 34.
Kd1 Be5 35. Rg8 Bf4 36. Kc2 1-0

[Event "Challenge"]
[Site "http://www.queenalice.com/game.php?id=1105704"]
[Date "2012.9.23"]
[Round "-"]
[White "jujuju"]
[Black "Piglio"]
[Result "1/2-1/2"]
[WhiteElo "2233"]
[BlackElo "1969"]

1. d4 d5 2. c4 e6 3. Nf3 Nf6 4. Nc3 c6 5. cxd5 cxd5 6. Bg5 Be7 7. Bxf6 Bxf6 8.
e4 O-O 9. Bb5 Bd7 10. Bxd7 Qxd7 11. Ne5 Bxe5 12. dxe5 dxe4 13. Nxe4 Qb5 14. Qb3
Qa5+ 15. Qc3 Qd5 16. f3 Nc6 17. O-O Nxe5 18. Rfd1 Qb5 19. Qb3 Qxb3 20. axb3 a5
21. Rd6 Nc6 22. Nc5 Rfd8 23. Rad1 Rxd6 24. Rxd6 Nd8 25. Rb6 Ra7 26. Rd6 Nc6 27.
Rd7 b5 28. Rxa7 Nxa7 29. Kf2 Kf8 30. Ke3 Ke7 31. Nb7 Nc6 32. Kd3 a4 33. bxa4
bxa4 34. Nc5 Ne5+ 35. Kd4 Nc6+ 36. Kc3 g5 37. Nxa4 f5 38. b4 h5 39. Kc4 Kd6 40.
Kb5 Kd5 41. Nc5 Nd4+ 42. Kb6 e5 43. b5 e4 44. fxe4+ fxe4 45. Nxe4 Kxe4 46. Ka6
Nxb5 47. Kxb5 Kf4 48. Kc4 h4 49. Kd3 g4 50. Ke2 Ke4 1/2-1/2

[Event "Challenge"]
[Site "http://www.queenalice.com/game.php?id=1106793"]
[Date "2012.9.26"]
[Round "-"]
[White "Piglio"]
[Black "jujuju"]
[Result "1-0"]
[WhiteElo "1948"]
[BlackElo "2186"]

1. e4 c5 2. Nf3 Nc6 3. d4 cxd4 4. Nxd4 Nf6 5. Nc3 e5 6. Nxc6 bxc6 7. Bc4 Bb4 8.
Bd2 O-O 9. Qf3 d6 10. a3 Bg4 11. Qe3 Bc5 12. Qg3 Bd4 13. Bg5 Be6 14. Be2 Bxc3+
15. bxc3 h6 16. Bxh6 g6 17. Bxf8 Kxf8 18. Qh4 Ke7 19. Rb1 Rb8 20. O-O Rb6 21.
Qg5 Qh8 22. Rxb6 axb6 23. Rb1 b5 24. Ra1 Qa8 25. Qe3 Kd7 26. Qb6 Nxe4 27. Qe3
Nf6 28. h3 Nd5 29. Qd2 Qa5 30. Bg4 f5 31. Bd1 Qxc3 32. Qxc3 Nxc3 33. Kf1 g5 34.
Ke1 Nxd1 35. Kxd1 Bd5 36. f3 Ke6 37. Kd2 f4 38. a4 bxa4 39. Rxa4 c5 40. c4 Bc6
41. Ra6 Bb7 42. Rb6 Bc8 43. Kd3 Bd7 44. Rb8 Bc6 45. Rg8 Kf6 46. Rh8 Ba4 47. h4
gxh4 48. Rxh4 Bc6 49. Rh6+ Ke7 50. Rh7+ Kd8 51. Ra7 Kc8 52. Ke2 Bb7 53. Kf2 Kc7
54. g3 fxg3+ 55. Kxg3 Kc8 56. f4 exf4+ 57. Kxf4 Kc7 58. Kf5 Kc6 59. Ke6 Kc7 60.
Ra1 Kc6 61. Rd1 Ba6 62. Rxd6+ Kb7 63. Kd5 Bxc4+ 64. Kxc4 Kc7 65. Kxc5 Kc8 66.
Kb6 1-0

[Event "Challenge"]
[Site "http://www.queenalice.com/game.php?id=1110204"]
[Date "2012.10.7"]
[Round "-"]
[White "Piglio"]
[Black "deep"]
[Result "0-1"]
[WhiteElo "1959"]
[BlackElo "2106"]

1. e4 d6 2. Nf3 e5 3. d4 Nf6 4. Bg5 exd4 5. Nxd4 Be7 6. Nc3 O-O 7. Bd3 c5 8. Nf5
Bxf5 9. exf5 d5 10. Qf3 c4 11. Be2 d4 12. Rd1 Qa5 13. Qxb7 Nbd7 14. Bxf6 Nxf6
15. Qxe7 dxc3 16. b4 cxb3 17. axb3 Rfe8 18. Qb7 Qxf5 19. Rd3 Qg4 20. Qf3 Qxf3
21. Rxf3 Nd5 22. Kd1 Rad8 23. Bd3 Kf8 24. Re1 g6 25. Rxe8+ Kxe8 26. h4 h5 27. g3
f5 28. Bc4 Ne3+ 29. Ke2 Nxc4 30. bxc4 Rd2+ 31. Ke1 Rxc2 32. Kd1 Rd2+ 33. Kc1 Kd7
34. Rxc3 Rxf2 35. c5 Kc6 36. Kd1 Ra2 37. Kc1 Ra5 38. Kd1 Rxc5 39. Ra3 a5 40. Ke2
Kb5 41. Kf3 Kb4 42. Ra1 Rc3+ 43. Kf4 a4 44. Rb1+ Rb3 45. Rd1 a3 46. Rd4+ Kc5 47.
Ra4 Kb5 48. Ra8 Kb4 49. Rb8+ Kc3 50. Ra8 Kb2 51. Kg5 Rxg3+ 52. Kf4 Rg4+ 0-1

[Event "Challenge"]
[Site "http://www.queenalice.com/game.php?id=1111720"]
[Date "2012.10.12"]
[Round "-"]
[White "AlekinePb"]
[Black "Piglio"]
[Result "1/2-1/2"]
[WhiteElo "1911"]
[BlackElo "1961"]

1. d4 d5 2. Nf3 Nf6 3. c4 e6 4. Nc3 c6 5. Bg5 Nbd7 6. e3 Be7 7. c5 O-O 8. Bd3
Ne4 9. Bxe7 Qxe7 10. O-O Nxc3 11. bxc3 a5 12. Rb1 Nf6 13. Ne5 Re8 1/2-1/2

[Event "Challenge"]
[Site "http://www.queenalice.com/game.php?id=1115057"]
[Date "2012.10.22"]
[Round "-"]
[White "Piglio"]
[Black "AlekinePb"]
[Result "0-1"]
[WhiteElo "1975"]
[BlackElo "1818"]

1. e4 c6 2. d4 d5 3. exd5 cxd5 4. c4 Nf6 5. Nc3 Nc6 6. Bg5 e6 7. c5 Be7 8. Nf3
O-O 9. Be2 h6 10. Bh4 Ne4 11. Bxe7 Qxe7 12. O-O f5 13. Nxe4 fxe4 14. Ne1 e5 15.
Nc2 exd4 16. b4 d3 0-1

[Event "Challenge"]
[Site "http://www.queenalice.com/game.php?id=1115638"]
[Date "2012.10.24"]
[Round "-"]
[White "deep"]
[Black "Piglio"]
[Result "1-0"]
[WhiteElo "2082"]
[BlackElo "1937"]

1. e4 e5 2. Nf3 Nc6 3. Bb5 a6 4. Ba4 b5 5. Bb3 Nf6 6. O-O Be7 7. Re1 O-O 8. c3
d5 9. exd5 Na5 10. Bc2 Bd6 11. Nxe5 Nxd5 12. d4 1-0